Financial accounting with international financial reporting standards/ (Record no. 364476)
[ view plain ]
| 000 -LEADER | |
|---|---|
| fixed length control field | 00434nam a2200121Ia 4500 |
| 008 - FIXED-LENGTH DATA ELEMENTS--GENERAL INFORMATION | |
| fixed length control field | 200924s9999 xx 000 0 und d |
| 020 ## - INTERNATIONAL STANDARD BOOK NUMBER | |
| International Standard Book Number | 978-111-9924-58-6 |
| 100 ## - MAIN ENTRY--PERSONAL NAME | |
| Personal name | Weygandt, Jerry |
| 245 ## - TITLE STATEMENT | |
| Statement of responsibility, etc | Jerry Weygandt, Paul Kimmel, Don Kieso |
| Title | Financial accounting with international financial reporting standards/ |
| 260 ## - PUBLICATION, DISTRIBUTION, ETC. (IMPRINT) | |
| Place of publication, distribution, etc | Manila: |
| Name of publisher, distributor, etc | C&E Publishing |
| Date of publication, distribution, etc | 2019 |
| 300 ## - PHYSICAL DESCRIPTION | |
| Extent | xiii, I-14 |
| Dimensions | 27 cm. |
| 650 ## - SUBJECT ADDED ENTRY--TOPICAL TERM | |
| Topical term or geographic name as entry element | Financial statements -- standards |
| Withdrawn status | Lost status | Damaged status | Home library | Current library | Shelving location | Date acquired | Source of acquisition | Total Checkouts | Full call number | Barcode | Date last seen | Price effective from | Koha item type |
|---|---|---|---|---|---|---|---|---|---|---|---|---|---|
| College Library | College Library | Reserve Section | 09/24/2020 | HF 5636 .W547 2019 | C22585 | 09/24/2020 | 09/24/2020 | Books |